00856nam a22002417a 450000500170000001000130001702000230003003500130005303700160006604000120008208200180009410000240011224500660013626000370020227000640023930000270030350000440033065000410037465000190041594200270043499900190046195201340048020170124110234.0 aB-021646 c200.00a8175240474 aB-021646 bCen Lib/Ret aDPLbEN a617.1027bAMB aAmbast, Anju941790 aPrevention and treatment of sports injuries /cby Anju Ambast aDelhibKhel Sahitya Kendrac2000 aWP-474, 1st Floor, Shiv Market Ashok Vihar-IbDelhie110052 a81p. :c20cm(Hb)bill. aIncludes bibliographical references  aPrevention -- Sports injuries941791 aSports9104519 2ddccENh617.1027mAMB c134797d134797 001040718REFaLbLd2015-07-31eCen Lib/Retg200.00l0o617.1027 AMBpB-021646r2015-07-31 00:00:00t1v200.00w2015-07-31yEN